000
00211nam a22000857a 4500
008
170403b xxu||||| |||| 00| 0 eng d
100
_9
3069
_a
CCE
245
_a
Solution Book English-IX
260
_a
New Delhi
_b
CBSE
_c
2010
999
_c
6348
_d
6348